Κατάλογος Βιβλιοθηκών Mediterranean College

Γεωτεχνικές Κατασκευές ΙΙ / Ανάλυση των Αρχών Σχεδιασμού και Κατασκευής (Record no. 6249)

MARC details
000 -LEADER
fixed length control field 01242cam a22001934a 4500
005 - ΗΜΕΡΟΜΗΝΙΑ ΚΑΙ ΩΡΑ ΤΕΛΕΥΤΑΙΑΣ ΕΝΗΜΕΡΩΣΗΣ
Πεδίο ελέγχου 20250605164237.0
008 - FIXED-LENGTH DATA ELEMENTS--GENERAL INFORMATION
Πεδίο ελέγχου σταθερού μήκους 250528s ||||||||||||||||||||||||d
035 ## - SYSTEM CONTROL NUMBER
System control number 21181
020 ## - ISBN
ISBN 9789604116577
040 ## - ΠΗΓΗ ΚΑΤΑΛΟΓΟΓΡΑΦΗΣΗΣ
Φορέας πρωτότυπης καταλογογράφησης MC Athens Campus Library
Γλώσσα καταλογογράφησης Ελληνικά, Μοντέρνα (1453-)
Modifying agency MC Athens Campus Library
Κανόνες περιγραφικής καταλογογράφησης AACR2
245 1# - ΤΙΤΛΟΣ ΚΑΙ ΔΗΛΩΣΗ ΥΠΕΥΘΥΝΟΤΗΤΑΣ
Τίτλος Γεωτεχνικές Κατασκευές ΙΙ / Ανάλυση των Αρχών Σχεδιασμού και Κατασκευής
260 ## - PUBLICATION, DISTRIBUTION, ETC.
Name of publisher, distributor, etc. Ίων,
Date of publication, distribution, etc. 2008
300 ## - PHYSICAL DESCRIPTION
Extent 792
520 ## - SUMMARY, ETC.
Summary, etc. Το δίτομο αυτό πόνημα, ως πρακτικό βιβλίο απευθύνεται στους Γεωτεχνικούς Μηχανικούς που σχεδιάζουν ή και υλοποιούν γεωτεχνικές κατασκευές. Εισαγωγή, Επιφανειακή Συμπύκνωση, Επιφανειακή Ανάμιξη, Οπλισμένη Γη - Γεωσυνθετικά, Αποστράγγιση, Προφόρτιση, Χαλικοπάσσαλοι, Βαρεία Τύπανση, Βαθεία Ανάμιξη, Εδαφοηλώσεις, Ενέσεις, Παραρτήματα, Βιβλιογραφία, Ευρετήριο.
700 1# - ΠΡΟΣΘΕΤΗ ΑΝΑΓΡΑΦΗ--ΦΥΣΙΚΟ ΠΡΟΣΩΠΟ
Personal name Κωστόπουλος Σπύρος Δ
9 (RLIN) 2689
942 ## - ADDED ENTRY ELEMENTS (KOHA)
Koha item type Books
Holdings
Τύπος τεκμηρίου Βιβλιοθήκη Τρέχουσα τοποθεσία Barcode Αριθμός εισαγωγής Ημερομηνία απόκτησης Ταξιθετικό σύμβολο Αριθμός αντιτύπου Κατάσταση απόσυρσης Κατάσταση χαμένου Κατάσταση κατεστραμμένου Μη δανεισμός Σύνολο δανεισμών Ημερομηνία τελευταίας εμφάνισης Η τιμή ισχύει από
Books MC Athens Campus Library MC Athens Campus Library 9780000062482 4783 05/06/2025 624.15 KOS V.II 1           05/06/2025 05/06/2025

MC Athens Campus Library
Πατησίων 94 & Κοδριγκτώνος 13, 104 34
Πελλήνης 8 & Πατησίων 107, 112 51
Τ: +30 210 8899600

MC Thessaloniki Campus Library
Ίωνος Δραγούμη 21, 54625 | Ίωνος Δραγούμη 15, 54625
Τ: +30 2310 287779 – Τ: +30 2314 440300